| 000 | 00670cam a22002293a 4500 | ||
|---|---|---|---|
| 001 | 29533 | ||
| 003 | PGUSA | ||
| 005 | 20140828083635.0 | ||
| 008 | 090729s2009||||xxu|||||s|||||000 1 eng d | ||
| 040 |
_aPGUSA _beng |
||
| 042 | _adc | ||
| 050 | 4 | _aPR | |
| 100 | 1 |
_aBirmingham, George A., _d1865-1950 |
|
| 245 | 1 | 4 |
_aThe Red Hand of Ulster _h[electronic resource] / _cGeorge A. Birmingham |
| 260 |
_bProject Gutenberg, _c2009 |
||
| 506 | _aPublic domain in the USA. | ||
| 516 | _aElectronic text | ||
| 653 | _aUlster (Northern Ireland and Ireland) -- Fiction | ||
| 830 | 0 |
_aProject Gutenberg _v29533 |
|
| 856 | 4 | 0 | _uhttp://www.gutenberg.org/ebooks/29533 |
| 942 | _cEB | ||
| 999 |
_c258788 _d258788 |
||